Catálogo público

Decimo cuartas jornadas de presentación de avances y resultados de investigación del Programa de Investigación Agrícola del 2 al 4 de diciembre [Disco compacto] (Record no. 99988)

MARC details
000 -CABECERA
campo de control de longitud fija 01446nam a2200349 a 4500
003 - IDENTIFICADOR DEL NÚMERO DE CONTROL
campo de control CHAP
005 - FECHA Y HORA DE LA ÚLTIMA TRANSACCIÓN
campo de control 20220329143649.0
008 - DATOS DE LONGITUD FIJA--INFORMACIÓN GENERAL
campo de control de longitud fija 001123s2006 mx 00010 spa d
010 ## - NÚMERO DE CONTROL DE LA BIBLIOTECA DEL CONGRESO
Número de control de LC 99988
011 ## - ENLACE DEL NUMERO DE CONTROL DE LA BIBLIOTECA DEL CONGRESO [OBSOLETO]
Número de control de LC 100960
020 ## - NÚMERO INTERNACIONAL ESTÁNDAR DEL LIBRO
Número Internacional Estándar del Libro 9786071201041
035 ## - NÚMERO DE CONTROL DEL SISTEMA
Número de control de sistema 111646
040 ## - FUENTE DE LA CATALOGACIÓN
Centro/agencia transcriptor CHAP
090 ## - LOCALMENTE ASIGNADO TIPO-LC NÚMERO DE CLASIFICACIÓN (OCLC); NÚMERO DE CLASIFICACIÓN LOCAL (RLIN)
Número de clasificación (OCLC) (R) ; Numero de clasificación, CALL (RLIN) (NR) CD-300
111 2# - ENTRADA PRINCIPAL--NOMBRE DE CONGRESO/REUNIÓN
Nombre de congreso/reunión o jurisdicción como elemento de entrada Jornadas de Presentación de Avances y Resultados de Investigación del Programa de Investigación Agrícola (
Número del congreso/reunión o número de parte o sección 14
Fecha del congreso/reunión : 2006
Sede del congreso/Lugar de la reunión : Chapingo, Méx.)
9 (RLIN) 62158
245 10 - MENCIÓN DE TÍTULO
Título Decimo cuartas jornadas de presentación de avances y resultados de investigación del Programa de Investigación Agrícola del 2 al 4 de diciembre [Disco compacto]
Mención de responsabilidad, etc. /compilado por Rafael Zamora Linares y Enrique Gómez Lozoya
260 ## - PUBLICACIÓN, DISTRIBUCIÓN, ETC.
Lugar de publicación, distribución, etc. Chapingo, Méx. :
Nombre del editor, distribuidor, etc. UACH. Dirección General de Investigación,
Fecha de publicación, distribución, etc. 2006
300 ## - DESCRIPCIÓN FÍSICA
Extensión 1 disco compacto ;
Dimensiones 4 3/4 plgs.
590 ## - NOTA LOCAL (RLIN)
Nota local BATCH-UPD
Procedencia (VM) [OBSOLETO] 10
Condición del los carretes individuales (VM) [OBSOLETO] 20130110
-- UCH01
-- 1000
590 ## - NOTA LOCAL (RLIN)
Nota local BATCH-UPD
Procedencia (VM) [OBSOLETO] 10
Condición del los carretes individuales (VM) [OBSOLETO] 20130410
-- UCH01
-- 0611
590 ## - NOTA LOCAL (RLIN)
Nota local BATCH-UPD
Procedencia (VM) [OBSOLETO] 10
Condición del los carretes individuales (VM) [OBSOLETO] 20130914
-- UCH01
-- 1239
590 ## - NOTA LOCAL (RLIN)
Nota local CONVERSION
Procedencia (VM) [OBSOLETO] 10
Condición del los carretes individuales (VM) [OBSOLETO] 20130109
-- UCH01
-- 1355
650 04 - PUNTO DE ACCESO ADICIONAL DE MATERIA--TÉRMINO DE MATERIA
Término de materia o nombre geográfico como elemento de entrada Aprendizaje.
9 (RLIN) 6370
650 04 - PUNTO DE ACCESO ADICIONAL DE MATERIA--TÉRMINO DE MATERIA
Término de materia o nombre geográfico como elemento de entrada Educación
Subdivisión general Congresos.
9 (RLIN) 35425
650 04 - PUNTO DE ACCESO ADICIONAL DE MATERIA--TÉRMINO DE MATERIA
Término de materia o nombre geográfico como elemento de entrada Planes de estudio.
9 (RLIN) 88732
700 0# - PUNTO DE ACCESO ADICIONAL--NOMBRE DE PERSONA
Nombre de persona Gómez Lozoya, Enrique Armando.
9 (RLIN) 49786
700 0# - PUNTO DE ACCESO ADICIONAL--NOMBRE DE PERSONA
Nombre de persona Zamora Linares, Rafael.
9 (RLIN) 123517
901 ## - ELEMENTOS DE DATOS A LOCAL LDA (RLIN)
a BK
942 ## - ELEMENTOS DE PUNTO DE ACCESO ADICIONAL (KOHA)
Tipo de ítem Koha CD
949 ## - PROCESAMIENTO DE INFORMACIÓN LOCAL (OCLC)
a CD-300
b BC
c CD
d 33724002222330
e CONG
f c.2
i 111646
s b
949 ## - PROCESAMIENTO DE INFORMACIÓN LOCAL (OCLC)
a CD-300
b BC
c CD
d 33724002222371
e CD
i 111646
s b
Holdings
Estado de retiro Estado de pérdida Estado dañado Restricciones de uso No para préstamo Código de colección Localización permanente Ubicación/localización actual Fecha de adquisición Información codificada de la localización en otra ubicación Total de préstamos Signatura topográfica completa Código de barras Fecha visto por última vez Precio válido a partir de Tipo de ítem Koha Nota pública Fuente del sistema de clasificación o colocación Ubicación en estantería Número de copia
      Préstamo interno2 Excluido de préstamo Material multimedia Biblioteca Central Biblioteca Central 17/12/2012 CD   CD-300 33724002222371 31/12/2019 31/12/2019 CD Recien adquirido      
      Préstamo interno   Material multimedia Biblioteca Central Biblioteca Central 17/12/2012 CONG   CD-300 33724002222330 31/12/2019 17/12/2012 CD   Clasificación Universidad Autónoma de Chapingo Planta Principal - Área de préstamo - Mat. Multimedia c.2